000 00355nam a2200145Ia 4500
008 230711s9999||||xx |||||||||||||| ||und||
041 _aENG
082 _a720
_bSA-A
100 _aSantosh Kumar Garg
245 0 _aArchitecture acts in India
250 _a1st
260 _c1992
_aNew Delhi
_bCouncil of Architecture
650 _aArchitecture
942 _cBK
999 _c3112
_d3112